Countries of the World Quiz in Alphabetical Order - Statistics

General Stats
  • This quiz has been taken 68 times
  • The average score is 76 of 196
Answers on the Map
Answers color-coded by a green-red scale on the quiz's map according to % correct below.
 
Answer Stats
Answer % Correct
Afghanistan
95%
Albania
95%
Algeria
86%
Andorra
86%
Argentina
86%
Australia
86%
Austria
86%
Antigua and Barbuda
82%
Angola
77%
Armenia
77%
Azerbaijan
73%
Bhutan
73%
Bahrain
68%
Barbados
68%
Belarus
68%
Belgium
68%
Bolivia
68%
Botswana
68%
Brazil
68%
Bahamas
64%
Bangladesh
64%
Belize
64%
Benin
64%
Bosnia and Herzegovina
64%
Bulgaria
59%
Burundi
59%
Cambodia
59%
Canada
59%
Chile
59%
China
59%
Colombia
59%
Denmark
59%
Eritrea
59%
Brunei
55%
Chad
55%
Croatia
55%
Dominica
55%
Dominican Republic
55%
Ecuador
55%
Ethiopia
55%
Fiji
55%
Finland
55%
Burkina Faso
50%
Cameroon
50%
Costa Rica
50%
Cyprus
50%
Czech Republic
50%
Djibouti
50%
Egypt
50%
Equatorial Guinea
50%
Estonia
50%
Eswatini
50%
France
50%
Gambia
50%
Germany
50%
Central African Republic
45%
Cuba
45%
East Timor
45%
El Salvador
45%
Gabon
45%
Ghana
45%
Greece
45%
Guatemala
45%
Guinea
45%
Guinea-Bissau
45%
Guyana
45%
Cape Verde
41%
Comoros
41%
DR Congo
41%
Georgia
41%
Honduras
41%
Hungary
41%
Iceland
41%
India
41%
Indonesia
41%
Iran
41%
Iraq
41%
Ireland
41%
Italy
41%
Jamaica
41%
Japan
41%
Jordan
41%
Kazakhstan
41%
Kenya
41%
Kiribati
41%
Laos
41%
Latvia
41%
Yemen
41%
Zambia
41%
Zimbabwe
41%
Grenada
36%
Haiti
36%
Israel
36%
Kuwait
36%
Kyrgyzstan
36%
Libya
36%
Vanuatu
36%
Ivory Coast
32%
Kosovo
32%
Liberia
32%
Liechtenstein
32%
Lithuania
32%
Tajikistan
32%
Turkey
32%
Turkmenistan
32%
Uganda
32%
Uzbekistan
32%
Venezuela
32%
Vietnam
32%
Lesotho
27%
Madagascar
27%
Malawi
27%
Malaysia
27%
Maldives
27%
Mali
27%
Mauritania
27%
Mauritius
27%
Mexico
27%
Monaco
27%
Mongolia
27%
Morocco
27%
Mozambique
27%
Myanmar
27%
Namibia
27%
Nauru
27%
New Zealand
27%
Niger
27%
Nigeria
27%
North Korea
27%
Tanzania
27%
Thailand
27%
Togo
27%
United Arab Emirates
27%
United Kingdom
27%
United States
27%
Uruguay
27%
Lebanon
23%
Luxembourg
23%
Malta
23%
Marshall Islands
23%
Micronesia
23%
Moldova
23%
Montenegro
23%
Nepal
23%
Netherlands
23%
Nicaragua
23%
Norway
23%
Oman
23%
Pakistan
23%
Palau
23%
Panama
23%
Papua New Guinea
23%
Paraguay
23%
Peru
23%
Philippines
23%
Portugal
23%
Qatar
23%
Russia
23%
Rwanda
23%
Saint Kitts and Nevis
23%
Saint Lucia
23%
Saint Vincent and the Grenadines
23%
Sao Tome and Principe
23%
Saudi Arabia
23%
Senegal
23%
Seychelles
23%
Slovakia
23%
Slovenia
23%
Somalia
23%
South Africa
23%
South Korea
23%
South Sudan
23%
Spain
23%
Sudan
23%
Suriname
23%
Sweden
23%
Switzerland
23%
Syria
23%
Tonga
23%
Trinidad and Tobago
23%
Tunisia
23%
Ukraine
23%
Vatican City
23%
North Macedonia
18%
Poland
18%
Republic of the Congo
18%
Romania
18%
Samoa
18%
San Marino
18%
Serbia
18%
Sierra Leone
18%
Singapore
18%
Solomon Islands
18%
Sri Lanka
18%
Tuvalu
18%
Taiwan
14%
No matching quizzes found
Score Distribution
Percent of People with Each Score
Percentile by Number Answered
Your Score History
You have not taken this quiz